Statistical Yearbook 1986

Guardado en:
Detalles Bibliográficos
Formato: Libro
Lenguaje:inglés
Publicado: Paris UNESCO 1986
Edición:1. ed.
Etiquetas: Agregar Etiqueta
Sin Etiquetas, Sea el primero en etiquetar este registro!

MARC

LEADER 00000nam a2200000 4500
001 c034396
005 20221220074210.2
041 0 |a eng 
044 |a FR 
245 1 0 |a Statistical Yearbook 1986 
250 |a 1. ed. 
264 1 |a Paris  |b UNESCO  |c 1986 
300 |a Prer. str.